Southville International School and Colleges
Your cart is empty.
  • Cart
  • Lists
    Public lists Eva Luna New books Lux_list list_1
    Your lists Log in to create your own lists
  • Log in to your account
  • Your cookies
  • Search history
Southville International School and Colleges
  • Advanced search
  • Recent comments
  • Most popular
  • Libraries

Log in to your account

Log in with GOOGLE


If you do not have an external account, but do have a local account, you can still log in:

  1. Home
  2. MARC view: The science of genetics /
Normal view MARC view ISBD view

The science of genetics / (Record no. 42347)

[ view plain ]
MARC details
000 -LEADER
fixed length control field 00461nam a22001697a 4500
003 - CONTROL NUMBER IDENTIFIER
control field SISC
005 - DATE AND TIME OF LATEST TRANSACTION
control field 20160216091950.0
008 - FIXED-LENGTH DATA ELEMENTS--GENERAL INFORMATION
fixed length control field 140224t xxu||||| |||| 00| 0 eng d
020 ## - INTERNATIONAL STANDARD BOOK NUMBER
International Standard Book Number 9710850679
050 ## - LIBRARY OF CONGRESS CALL NUMBER
Classification number QH 430
Item number .B869 1989
100 ## - MAIN ENTRY--PERSONAL NAME
Personal name Burns, George
9 (RLIN) 30627
245 ## - TITLE STATEMENT
Title The science of genetics /
Statement of responsibility, etc George Burns.
260 ## - PUBLICATION, DISTRIBUTION, ETC. (IMPRINT)
Place of publication, distribution, etc New York :
Name of publisher, distributor, etc Macmillan Publishing Company,
Date of publication, distribution, etc 1989.
300 ## - PHYSICAL DESCRIPTION
Extent 491 p. :
Other physical details ill. ;
Dimensions 30 cm.
942 ## - ADDED ENTRY ELEMENTS (KOHA)
Source of classification or shelving scheme Library of Congress Classification
Koha item type Books
Holdings
Withdrawn status Lost status Source of classification or shelving scheme Damaged status Home library Current library Shelving location Date acquired Total Checkouts Full call number Barcode Date last seen Copy number Price effective from Koha item type
    Library of Congress Classification   Luxembourg Library Luxembourg Library High School Section 02/24/2014   QH 430 .B869 1989 4619 02/24/2014 1 02/24/2014 Books

The science of genetics /

APA

Burns G., . (1989). The science of genetics. New York: Macmillan Publishing Company.

Chicago

Burns George, . 1989. The science of genetics. New York: Macmillan Publishing Company.

Harvard

Burns G., . (1989). The science of genetics. New York: Macmillan Publishing Company.

MLA

Burns George, . The science of genetics. New York: Macmillan Publishing Company. 1989.

  • Place hold
  • Print
  • Cite
  • Add to your cart (remove)
  • Save record
    BIBTEX Dublin Core MARCXML MARC (non-Unicode/MARC-8) MARC (Unicode/UTF-8) MARC (Unicode/UTF-8, Standard) MODS (XML) RIS
  • More searches
    Search for this title in:
    Other Libraries (WorldCat) Other Databases (Google Scholar) Online Stores (Bookfinder.com) Open Library (openlibrary.org)

Exporting to Dublin Core...

SOUTHVILLE LIBRARY

Southville International School and Colleges Library

1281 Tropical Ave. Cor. Luxembourg St., BF Homes International, Las Pinas City

Tel. No. 8256374 / 252358 Loc. 117/146

Powered by Koha